| 000 | 00844cam a22001934a 4500 | ||
|---|---|---|---|
| 005 | 20250605164216.0 | ||
| 008 | 250528s ||||||||||||||||||||||||d | ||
| 035 | _a20463 | ||
| 020 | _a415029740 | ||
| 040 |
_aGR-AtMCL _bgre _dGR-AtMCL _eAACR2 |
||
| 245 | 1 | _aSexual/ Textual Politics / Feminist Literary Theory | |
| 260 |
_bRouledge, _c1985 |
||
| 300 | _a206 | ||
| 520 | _aThis book exemplifies feminist theory-making at its rigorous best. Preface, Acknowledgements, Introduction: Who's Afraid of Virginia Woolf? Feminist Readings of Woolf, Anglo-American Feminist Criticism, Two Feminist Classics, Images of Women' Criticism, Theoretical Reflections, French Feminist Theory, From Simone de Beauvoir to Jacques Lacan, Notes, References, Index. | ||
| 700 | 1 |
_aMoi Toril _96449 |
|
| 942 | _cBK | ||
| 999 |
_c5567 _d5567 |
||